000 00642nam a2200193Ia 4500
003 GCL
008 140319s9999 xx 000 0 ara d
040 _aGCL /
_cGCL
082 0 4 _a811.09
_bم ا
100 1 _aمحمد الماغوط
245 1 0 _aاعمال محمد الماغوط /
_cمحمد الماغوط
250 _aالاولى
260 _aسوريا :
_bدار المدى للثقافة والنشر ،
_c1998
300 _a594 ص ؛
_c20 سم
650 0 4 _aالشعر - دواوين و قصائد
650 0 4 _aالشعر - مجموعات
650 0 4 _aالمسرحيات العربية - مجموعات
942 _2ddc
_cBK
999 _c8091
_d8091